Bulletin of the Committee on Canadian Labour History / Bulletin du Comité sur l'Histoire Ouvrière Canadienne

محفوظ في:

التنسيق: دورية

اللغة: Undetermined

منشور في: JSTOR
Canadian Committee on Labour History

الوصول للمادة أونلاين: Login to view Source

الوسوم: إضافة وسم

لا توجد وسوم, كن أول من يضع وسما على هذه التسجيلة!

رقم الطلب:

LEADER 00605nas a2200157Ia 4500
008 220214c99999999xx |||||||||||| ||und||
022 |a 0701-161X 
245 0 0 |a Bulletin of the Committee on Canadian Labour History / Bulletin du Comité sur l'Histoire Ouvrière Canadienne 
264 1 |b JSTOR 
264 1 |b Canadian Committee on Labour History 
362 0 |a (1976)-(1980) 
500 |a Publication of this title ceased in 1980. 
856 4 0 |u https://www.jstor.org/journal/bulcomcanlabhis 
942 |c JL 
952 |0 0  |1 0  |4 0  |7 1  |9 34360  |a JSR  |b JSR  |d 2022-02-14  |l 0  |r 2022-02-14 00:00:00  |w 2022-02-14  |y JL 
999 |c 42693  |d 42693